000 01273nam a2200313 i 4500
001 13440
003 ES-MaACL
005 20240208154455.0
007 t|
008 980318s1997 sp ac c |||| |bspa d
017 _aM 42574-1997
_bOficina Depósito Legal Madrid
020 _a8474904587
040 _cES-MaACL
080 _a929 Cánovas del Castillo, Antonio (064.3)
080 _a946.0"1874/1902"(064.3)
245 0 0 _aCánovas y la Restauración :
_b[exposición] Madrid, Centro Cultural del Conde Duque, diciembre 1997-febrero 1998.
260 _a[Madrid] :
_bSecretaría de Estado de Cultura,
_c[1997]
300 _a379 páginas :
_bilustraciones (blanco y negro y color) ;
_c28 cm.
600 1 7 _aCánovas del Castillo, Antonio,
_d1828-1897-
_vExposiciones
_9161134
651 4 _aEspaña-
_xHistoria-
_y1874-1902, Restauración-
_vExposiciones.
_98269
655 7 _2tgfbne
_9193628
_aCatálogos de exposiciones
710 2 _aCentro Cultural del Conde Duque.
_92579
_ehis
710 1 _aEspaña.
_bSecretaría de Estado de Cultura.
_93964
852 _aES-MaACL
_jN-8201/Ej.1
_cDEPOJ
_zX-9
_zDuplicado
_913773
852 _aES-MaACL
_jL-20704
_cDEPO2
_z13774
942 _cMONOGRAFIA
_n0
999 _c13440
_d13440